| 000 | 00558nam a22001937a 4500 | ||
|---|---|---|---|
| 003 | PILC | ||
| 005 | 20150515114836.0 | ||
| 008 | 150515b xxu||||| |||| 00| 0 eng d | ||
| 020 | _a9710820982 | ||
| 050 |
_aQA 445 _b.G345 1977 |
||
| 245 | _aGeometry / | ||
| 250 | _aMetric ed. | ||
| 260 |
_aQuezon Ciy, Philippines : _bAddison Wesley Publishing COompany, Inc. ; _c1977. |
||
| 300 |
_axiii, 676 pages : _billustrations ; _c22 cm. |
||
| 500 | _aIncludes index. | ||
| 650 | _aGeometry. | ||
| 830 | _aSecondary Mathematics Series. | ||
| 942 |
_2lcc _cBK _kFIL |
||
| 999 |
_c283991 _d283991 |
||